000 00437ntaaa2200169 4500
003 01
005 20251027202445.0
008 0714s1973 ag 01
040 _aAR-BaBN
_bspa
_cAR-BaBN
_eaacr
_dRIC
082 _a266.0700 C76
245 _aLa tarea misionera de la iglesia
250 _a1 ed.
260 _aBuenos Aires :
_bConsejo Unido de Educación Cristiana,
_c1967
300 _a21 p.
650 _aMisiones-Educación
942 _cBK
999 _c19564
_d19564